Estudio sobre el consumo de medicamentos por parte de la población asegurada /

Guardat en:
Dades bibliogràfiques
Autor principal: Vargas M., Herman
Altres autors: Gutiérrez S., Rodrigo, Fallas C., Oscar R, Gainza E., Javier
Format: Text
Etiquetes: Afegir etiqueta
Sense etiquetes, Sigues el primer a etiquetar aquest registre!

MARC

LEADER 00000 a a2200000 04500
001 47444
003
040
090 |a REV0857 4 (9) 1978  
100 |a Vargas M., Herman  
245 |a Estudio sobre el consumo de medicamentos por parte de la población asegurada /  |c Herman Vargas M., Rodrigo Gutiérrez S., Oscar R. Fallas C., Javier Gainza E.  
500 |a SEGUROS SOCIALES   |a POBLACION   |a MEDICAMENTOS   |a CONSUMO  
700 |a Gutiérrez S., Rodrigo 
700 |a Fallas C., Oscar R  
700 |a Gainza E., Javier  
773 |g volumen4, número9, enero-abril (1978)  
999 |c 27622  |d 27622